| 000 | 00423nam a2200157 i 4500 | ||
|---|---|---|---|
| 001 | 85606 | ||
| 003 | ES-MaACL | ||
| 005 | 20230906175254.0 | ||
| 007 | t| | ||
| 008 | 041129s1962 sp ||||1| cat d | ||
| 100 | 1 |
_aJutglar, Antoni. _967368 |
|
| 245 | 1 | 2 |
_aL'era industrial a Espanya / _cAntoni Jutglar. |
| 260 |
_aBarcelona : _bNova Terra, _c[1962] |
||
| 300 |
_a317 p. ; _c17 cm. |
||
| 852 |
_aES-MaACL _jC-22109 _bR.50700 |
||
| 999 |
_c85606 _d85606 |
||